| 000 | 00673nam a22002057a 4500 | ||
|---|---|---|---|
| 003 | OSt | ||
| 005 | 20251029054638.0 | ||
| 008 | 251029b |||||||| |||| 00| 0 eng d | ||
| 020 | _a978-621-406-3017 | ||
| 040 |
_aDWCL-Main lib _cOC |
||
| 082 | _aFil. 303.483 S416 2020 | ||
| 100 | _aMagalona, Ethel | ||
| 245 |
_aScience , technology and society: _b a rudimentary approach _cEthel Magalona |
||
| 260 |
_aManila: _bMindshapers co. inc., _cc2020. |
||
| 300 |
_axii, 216 pages : _billustrations ; _c23cm. |
||
| 504 | _aIncludes bibliographical references | ||
| 650 | _a1. Science- Social Aspects | ||
| 700 | _a[AND THREE OTHERS] | ||
| 942 |
_2ddc _cBK - FIL _kFil. _n0 |
||
| 999 |
_c5296 _d5296 |
||